| 000 | 00482cam a22001577a 4500 | ||
|---|---|---|---|
| 008 | 180718b2000 xxu||||| |||| 00| 0 eng d | ||
| 020 | _a0195653890 | ||
| 082 | _aBx54 B465 | ||
| 100 | _aBeteille, Andre | ||
| 245 |
_aAntinomies of society: essays on ideologies and institutions _cby Andre Beteille |
||
| 260 |
_aNew Delhi _bOxford Univ. Press _c2000 |
||
| 300 | _a297p. | ||
| 650 | _aSocial sciences - Philosophy | ||
| 650 | _aSecularism - India | ||
| 650 | _aCivil society - India | ||
| 999 |
_c395262 _d395262 |
||